| 000 | 00631nam a22002177a 4500 | ||
|---|---|---|---|
| 003 | OSt | ||
| 005 | 20140310181921.0 | ||
| 008 | 130718t xxu||||| |||| 00| 0 eng d | ||
| 020 | _a9780141026848 | ||
| 050 |
_aPR 9499.N3 _b.N218 1972 |
||
| 082 |
_aTR 800 _bN17 1972 |
||
| 100 | _4Narayan, R. K. | ||
| 245 |
_aThe Abduction of Sita : _ban extract from the shortened modern prose version of the Ramayana / _cR.K. Narayan. |
||
| 260 |
_aEngland : _bPenguin Books, _cc1972. |
||
| 300 |
_a110 p. : _c18 cm. |
||
| 521 | _aFaculty | ||
| 541 | _j1 | ||
| 562 | _e1 | ||
| 650 | _2Literature. | ||
| 942 |
_2lcc _cBK-TR _kTR |
||
| 999 |
_c6972 _d6972 |
||